Fodor's in focus Aruba.
| Format: | Book |
|---|---|
| Published: |
New York:
Fodor's travel Publication,
2012.
|
| Edition: | 3rd ed.. |
| Subjects: |
| LEADER | 00455cam a2200157 7i4500 | ||
|---|---|---|---|
| 001 | 0000029147 | ||
| 005 | 20130904090000.0 | ||
| 020 | 0 | 0 | |a 9780307927910 |
| 090 | 0 | 0 | |a ARUB 917 |b FOD |
| 245 | 0 | 0 | |a Fodor's in focus Aruba. |
| 250 | 0 | 0 | |a 3rd ed.. |
| 260 | 0 | 0 | |a New York: |b Fodor's travel Publication, |c 2012. |
| 300 | # | # | |a 184 p. |
| 650 | 0 | 0 | |a Aruba -- |x Description and travel -- |x Guidebooks |
| 651 | 0 | 0 | |a Aruba |
| 999 | |a B000032590 |b Book |c Countries |e Business Information Centre | ||


